logo

Bir Sreshtho Munshi Abdur Rouf Library
Jhenaidah Cadet College

নারী আন্দোলনের পাঁচ বছর / (Record no. 1303)

MARC details
000 -LEADER
fixed length control field 00750nam a22002417a 4500
001 - CONTROL NUMBER
JCCL Control Number 1303
003 - CONTROL NUMBER IDENTIFIER
JCCL marc code BD-JhCC
005 - DATE AND TIME OF LATEST TRANSACTION
control field 20171128105402.0
008 - FIXED-LENGTH DATA ELEMENTS--GENERAL INFORMATION
fixed length control field 171017s2002 bg |||| |||| 000 0 ben d
020 ## - INTERNATIONAL STANDARD BOOK NUMBER
International Standard Book Number 9848681809
035 ## - SYSTEM CONTROL NUMBER
system control number (BD-JhCC)1303
040 ## - CATALOGING SOURCE
Original cataloging agency BD-JhCC
Modifying agency BD-JhCC
041 ## - LANGUAGE CODE
Language code of Book ben
082 ## - DEWEY DECIMAL CLASSIFICATION NUMBER
Classification number 305.42
Author mark and Year BEG 2002
100 ## - MAIN ENTRY--PERSONAL NAME
Personal name বেগম, মালেকা
245 ## - TITLE STATEMENT
Title নারী আন্দোলনের পাঁচ বছর /
Statement of responsibility, etc মালেকা বেগম
260 ## - PUBLICATION, DISTRIBUTION, ETC. (IMPRINT)
Place of publication, distribution, etc ঢাকা:
Name of publisher, distributor, etc অন্যপ্রকাশ,
Date of publication, distribution, etc ২০০২.
300 ## - PHYSICAL DESCRIPTION
Pagination ২৭৮ পৃ. :
Dimensions ২২ সেমি.
504 ## - BIBLIOGRAPHY, ETC. NOTE
Bibliography, etc Includes Bibliography
650 ## - SUBJECT ADDED ENTRY--TOPICAL TERM
Topical term or geographic name as entry element Women Movement
942 ## - ADDED ENTRY ELEMENTS (KOHA)
Source of classification or shelving scheme Dewey Decimal Classification
Koha item type Books
Holdings
Source of classification or shelving scheme Damaged status Not for loan Home library Current library Shelving location Date of accession Source of acquisition Cost, normal purchase price Total Checkouts Full call number Barcode Date last seen Copy number Koha item type Date checked out
Dewey Decimal Classification     JCC Rouf Library JCC Rouf Library General Stacks 10/17/2017 Purchase 320.00   305.42 BEG 2002 2308 10/17/2017 C-1 Books  
Dewey Decimal Classification     JCC Rouf Library JCC Rouf Library General Stacks 11/28/2017   320.00 1 305.42 BEG 2002 1664 08/31/2023 C-1 Books 08/30/2023

JCC Library | Contacts | JCC Home

Last Update on 23 September 2017
Copyright @ 2017-2020 JCC Rouf Library
Rouf Library, Jhenidah Cadet College (JCC), Bangladesh